Vista normal
Vista MARC
Entrada Nombre corporativo
Número de registros utilizados en: 17
001 - NÚMERO DE CONTROL
- Campo de control: 3507
003 - IDENTIFICADOR DE NÚMERO DE CONTROL
- Campo de control: ES-MaCES
005 - FECHA Y HORA DE LA ULTIMA MODIFICACION
- Campo de control: 20060918132600.0
008 - ELEMENTOS DE DATOS DE LONGITUD FIJA
- Campo de longitud fija: 060918 | azznnaabn || ana d
035 ## - NÚMERO DE CONTROL DEL SISTEMA
- Número de control del sistema: CES20060002024e
040 ## - FUENTE DE LA CATALOGACIÓN
- Agencia original de catalogación: ES-MaCES
- Idioma de catalogación: spa
- Agencia de transcripción: ES-MaCES
110 2# - ENCABEZAMIENTO--NOMBRE CORPORATIVO
- Nombre corporativo o de jurisdicción como elemento de entrada: European Trade Union Institute for Research, Education and Health and Safety
410 2# - TRAZADO VEÁSE--NOMBRE CORPORATIVO
- Nombre corporativo o de jurisdicción como elemento de entrada: ETUI-REHS
410 2# - TRAZADO VEÁSE--NOMBRE CORPORATIVO
- Nombre corporativo o de jurisdicción como elemento de entrada: Institut syndical européen pour la recherche, la formation et la santé et sécurité
510 2# - TRAZADO VEÁSE ADEMÁS--NOMBRE CORPORATIVO
- Nombre corporativo o jurisdicción como elemento de entrada: Instituto Sindical Europeo
670 ## - FUENTE DE DATOS ENCONTRADOS
- Fuente de citación: www.etui-rehs.org
- Información encontrada: : hasta 2005, ETUI, European Trade Union Institute, con normalización en español, Instituto Sindical Europeo
901 ## - CES. DATOS SIRTEX
- ID Sirtex (N5N8): 0001800006668
- 005BIS Sirtex: 200609181323ALORITE

